Obálka Náhled e-knihy:
PDF Epub
Pro půjčování e-knih musíte být přihlášeni.
Jak si půjčit online?

Percy Jackson 1 – Zlodej blesku /

Bohovia z Olympu sa búria! Majstrovský blesk – silnú zbraň najvyššieho boha Dia – ktosil ukradol a môže to mať osudné následky pre celé ľudstvo. Čo s tým však má spoločné dvanásťročný chlapec Percy Jackson, v ktorého okolí odrazu začínajú ožívať krvilačné bytosti zo starých gréckych bájí a povestí....

Celý popis

Uloženo v:
Série:Percy Jackson (SK), část 1
Hlavní autor: Riordan, Rick (Autor)
Médium: E-kniha
Jazyk:Czech
Vydáno: Praha : Albatros Media Slovakia s.r.o., 2024
Příbuzné jednotky:Z cyklu:: Percy Jackson (SK)
Tagy:
Žádné tagy
LEADER 01513nam a22002417i 4500
001 312568
007 ta
008 260601s2024 xr ||||| |||| 00| 0 cze d
020 |a 9788056640999 
044 |a xr 
100 1 |a  Riordan, Rick  |4 aut 
245 1 0 |a Percy Jackson 1 – Zlodej blesku /  |c  Riordan, Rick 
240 1 0 |a Percy Jackson & the Olympians – The Lightning Thief 
264 1 |a Praha :  |b Albatros Media Slovakia s.r.o.,  |c 2024 
300 |a 1 online zdroj (408 stran) 
336 |a text  |b txt  |2 rdacontent 
337 |a bez média  |b n  |2 rdamedia 
338 |a online zdroj  |b cr  |2 rdacarrier 
520 2 |a Bohovia z Olympu sa búria! Majstrovský blesk – silnú zbraň najvyššieho boha Dia – ktosil ukradol a môže to mať osudné následky pre celé ľudstvo. Čo s tým však má spoločné dvanásťročný chlapec Percy Jackson, v ktorého okolí odrazu začínajú ožívať krvilačné bytosti zo starých gréckych bájí a povestí. Hrozí mu vyhodenie zo školy a kopa ďalších problémov... 
787 0 8 |g 1  |i Z cyklu:  |t Percy Jackson (SK) 
910 |a RBIT002 
998 |d 415689  |a https://core.palmknihy.cz/api/books/415689/cover?smzdkt  |b https://core.palmknihy.cz/api/books/415689/cover/400?smzdkt  |c https://core.palmknihy.cz/api/books/415689/cover/50?smzdkt  |e 2027-01-20  |g 408  |i 9788056640999  |j https://core.palmknihy.cz/api/books/415689/preview.epub  |k https://core.palmknihy.cz/api/books/415689/preview.pdf  |l   |q 49  |r 1  |s https://www.palmknihy.cz/kniha/415689  |t ebook  |y 2024  |z 1  |v Percy Jackson (SK)  |w 1 
999 |d 312566